| 000 | 00906 a2200193 4500 | ||
|---|---|---|---|
| 003 | Nust | ||
| 005 | 20170207152505.0 | ||
| 020 | _a0946675104 | ||
| 040 | _cNust | ||
| 082 | _a428 | ||
| 100 | _aLonergan, Jack | ||
| 245 |
_aFollow through (Include CD) _cLonergan, Jack |
||
| 260 |
_aLondon _bBBC English _c1990 |
||
| 300 | _a168 | ||
| 505 | _aUnit 1. Hello.4.Unit 2. What will Happen.6.Unit 3.What will u Have.18.Unit 4.What u have been Doing.29Unit 5.Tell us about the stars ur met.40.Unit 6.If U……I ll.50.Unit 7.Its not as if….61.Unit 8.The police were called.72.Unit 9.BNecause since due to….83.Unit 10.Ists as simple ABC.94.Unit 11.Hardly ever,104.Unit 12.Thats all very well but…115.Unit 13.I Don,t understand.126.Unit 14.You should see a doctor.138Unit 15.Family Fun or Fallow Throught.148 | ||
| 538 | _aAlmirah No.22 Shelf No.6 | ||
| 650 | _aEnglish language | ||
| 651 | _a(Include CD) | ||
| 942 | _cREF | ||
| 999 |
_c175521 _d175521 |
||